[Event "2. Bundesliga Mitte 2011/12"]
[Site "St.Valentin"]
[Date "2011.10.23"]
[Round "3"]
[Board "2"]
[White "Supancic, Darko"]
[Black "Hebesberger, Thomas"]
[Result "1-0"]
[WhiteElo "2368"]
[BlackElo "2329"]
[PlyCount "95"]
[EventDate "2011.10.21"]
[EventType "team"]
[EventRounds "11"]
[EventCountry "AUT"]
[WhiteTeam "Strassenbahn Graz"]
[BlackTeam "SV ASVOE Fundermax St. Veit/Glan"]

1.d4 d5 2.Bf4 Nf6 3.e3 c6 4.c4 Qa5+ 5.Nc3 Nbd7 6.a3 Ne4 7.b4 Nxc3 8.Qc2 Qa4
9.Qxc3 a5 10.b5 e6 11.bxc6 Qxc6 12.Nf3 Be7 13.Bd3 dxc4 14.Qxc4 Qxc4 15.Bxc4 Nb6
16.Bd3 Nd5 17.Bg3 Bd7 18.Ne5 Ba4 19.O-O f6 20.Nc4 b5 21.Nb2 Kf7 22.e4 Nc3
23.Rfc1 Rhc8 24.Nxa4 bxa4 25.Kf1 Ra7 26.f3 Rd7 27.Ba6 Rc6 28.Bb5 Nxb5 29.Rxc6
Nxd4 30.Rc7 Rxc7 31.Bxc7 Nc2 32.Ra2 Nxa3 33.Bxa5 Ke8 34.Ke1 Kd7 35.Bd2 Kc6
36.Bc1 Bb4+ 37.Kf1 Nb5 38.Rxa4 Bc5 39.Ra8 Bd6 40.g3 Nd4 41.Kf2 e5 42.Ba3 Bxa3
43.Rxa3 h6 44.Ra7 Ne6 45.Ke3 Kd6 46.Rf7 h5 47.f4 h4 48.f5 1-0

[Event "2. Bundesliga Mitte 2011/12"]
[Site "St.Valentin"]
[Date "2011.10.23"]
[Round "3"]
[Board "3"]
[White "Kaspret, Guido"]
[Black "Pesorda, Ivan"]
[Result "1-0"]
[WhiteElo "2292"]
[BlackElo "2278"]
[PlyCount "121"]
[EventDate "2011.10.21"]
[EventType "team"]
[EventRounds "11"]
[EventCountry "AUT"]
[WhiteTeam "SV ASVOE Fundermax St. Veit/Glan"]
[BlackTeam "Strassenbahn Graz"]

1.Nf3 Nf6 2.c4 c5 3.g3 Nc6 4.Bg2 d5 5.cxd5 Nxd5 6.O-O e5 7.d3 Be7 8.Nc3 Nc7
9.Be3 O-O 10.a3 Be6 11.Rc1 a5 12.Na4 b6 13.Nxb6 Rb8 14.Nc4 f6 15.Ng5 Bd7 16.Ne4
Nd4 17.Bxd4 cxd4 18.Nxa5 Rxb2 19.Nc6 Bxc6 20.Rxc6 Bxa3 21.Qa4 Nb5 22.Qc4+ Kh8
23.Bh3 Qe7 24.Rc8 Rxc8 25.Qxc8+ Qf8 26.Rc1 Nc3 27.Qxf8+ Bxf8 28.Nxc3 dxc3
29.Rxc3 g6 30.e3 Rd2 31.Be6 h5 32.Rc8 Kg7 33.Rc7+ Kh6 34.Rd7 Bg7 35.h4 Rb2
36.Kg2 Rb6 37.Bg8 Rb8 38.Bc4 Rb6 39.f4 Bf8 40.Bg8 Bg7 41.Kf3 Rb1 42.Be6 Rb6
43.f5 Rb1 44.d4 exd4 45.exd4 Rc1 46.fxg6 Kxg6 47.Bf7+ Kh6 48.Rd5 f5 49.Rd6+ Kh7
50.Bg6+ Kg8 51.Rd8+ Bf8 52.Bxf5 Rf1+ 53.Ke4 Kf7 54.Bh3 Rh1 55.Bg2 Rg1 56.Kf3 Rd1
57.Ke2 Rg1 58.Kf2 Rc1 59.Bf3 Rc2+ 60.Kf1 Rd2 61.Bxh5+ 1-0

[Event "2. Bundesliga Mitte 2011/12"]
[Site "St.Valentin"]
[Date "2011.10.23"]
[Round "3"]
[Board "4"]
[White "Steiner, Stefan"]
[Black "Dietmayer-Kraeutler, Marco"]
[Result "1/2-1/2"]
[WhiteElo "2272"]
[BlackElo "2222"]
[PlyCount "59"]
[EventDate "2011.10.21"]
[EventType "team"]
[EventRounds "11"]
[EventCountry "AUT"]
[WhiteTeam "Strassenbahn Graz"]
[BlackTeam "SV ASVOE Fundermax St. Veit/Glan"]

1.Nf3 [1.Nf3 e6 2.d4 d5 3.g3 Nf6 4.c4 c6 5.Qc2 dxc4 6.Qxc4 b5 7.Qc2 Bb7 8.Bg2
Nbd7 9.O-O c5 10.a4 a6 11.axb5 axb5 12.Rxa8 Qxa8 13.dxc5 Bxc5 14.Ne1 O-O 15.Bxb7
Qxb7 16.Nd3 Be7 17.Bg5 h6 18.Bxf6 Nxf6 19.Rc1 Nd5 20.Qb3 Ra8 21.Na3 Bxa3 22.bxa3
Qa6 23.Qb2 Qa4 24.Rc5 Qxa3 25.Rc8+ Kh7 26.Rxa8 Qxa8 27.Qxb5 Qa2 28.Qb2 Qxb2
29.Nxb2 f5 30.Kg2] 1...e6 2.d4 d5 3.g3 Nf6 4.c4 c6 5.Qc2 dxc4 6.Qxc4 b5 7.Qc2
Bb7 8.Bg2 Nbd7 9.O-O c5 10.a4 a6 11.axb5 axb5 12.Rxa8 Qxa8 13.dxc5 Bxc5 14.Ne1
O-O 15.Bxb7 Qxb7 16.Nd3 Be7 17.Bg5 h6 18.Bxf6 Nxf6 19.Rc1 Nd5 20.Qb3 Ra8 21.Na3
Bxa3 22.bxa3 Qa6 23.Qb2 Qa4 24.Rc5 Qxa3 25.Rc8+ Kh7 26.Rxa8 Qxa8 27.Qxb5 Qa2
28.Qb2 Qxb2 29.Nxb2 f5 30.Kg2 1/2-1/2

[Event "2. Bundesliga Mitte 2011/12"]
[Site "St.Valentin"]
[Date "2011.10.23"]
[Round "3"]
[Board "6"]
[White "Teuschler, Alois"]
[Black "Kuess, Mario"]
[Result "1-0"]
[WhiteElo "2031"]
[BlackElo "2106"]
[PlyCount "61"]
[EventDate "2011.10.21"]
[EventType "team"]
[EventRounds "11"]
[EventCountry "AUT"]
[WhiteTeam "Strassenbahn Graz"]
[BlackTeam "SV ASVOE Fundermax St. Veit/Glan"]

1.e4 d6 2.Nc3 Nf6 3.Nge2 e5 4.Ng3 Nc6 5.Bc4 Bg4 6.f3 Be6 7.b3 Qd7 8.Bb2 O-O-O
9.Nce2 d5 10.exd5 Nxd5 11.a3 Be7 12.O-O h5 13.Bb5 f5 14.Bxe5 h4 15.Nh1 a6
16.Bxc6 Qxc6 17.Nd4 Bc5 18.Nf2 Bxd4 19.Bxd4 Nf4 20.Be5 Nh5 21.d4 Kb8 22.c4 Bc8
23.Qc2 Nf6 24.Rac1 Qe6 25.Rfe1 Qf7 26.b4 Nd7 27.Nd3 Nxe5 28.Nxe5 Qf6 29.d5 g5
30.Qc3 Rh7 31.Nc6+ 1-0

[Event "2. Bundesliga Mitte 2011/12"]
[Site "St.Valentin"]
[Date "2011.10.23"]
[Round "3"]
[Board "3"]
[White "Genser, Harald"]
[Black "Danner, Georg"]
[Result "1/2-1/2"]
[WhiteElo "2291"]
[BlackElo "2408"]
[PlyCount "116"]
[EventDate "2011.10.21"]
[EventType "team"]
[EventRounds "11"]
[EventCountry "AUT"]
[WhiteTeam "SC Die Klagenfurter"]
[BlackTeam "Union Styria Graz Kleine Zeitung"]

1.d4 Nf6 2.c4 e6 3.Nf3 Nc6 4.a3 d5 5.Qc2 Be7 6.Bg5 h6 7.Bxf6 Bxf6 8.e3 O-O
9.cxd5 exd5 10.Bd3 Qd6 11.O-O Bg4 12.Nbd2 a5 13.Rfc1 Rfc8 14.h3 Bd7 15.Rab1 g6
16.Qc3 Bg7 17.Qb3 b6 18.Bb5 Ne7 19.Bxd7 Qxd7 20.Rc2 Rab8 21.Qd3 c5 22.dxc5 bxc5
23.e4 d4 24.Rbc1 Qb5 25.Qxb5 Rxb5 26.a4 d3 27.axb5 dxc2 28.Rxc2 Rb8 29.Rxc5 Bxb2
30.Nc4 Bc3 31.b6 a4 32.Rc7 Bb4 33.Ra7 a3 34.Nxa3 Rxb6 35.Nc4 Rc6 36.Nfd2 Kg7
37.Kf1 g5 38.Ke2 Re6 39.f3 Nd5 40.g3 h5 41.Rd7 Nf6 42.Rb7 Bxd2 43.Nxd2 g4
44.hxg4 hxg4 45.Rb5 gxf3+ 46.Kxf3 Kg6 47.Rb3 Nh7 48.Rb5 Ng5+ 49.Kf4 Rf6+ 50.Kg4
Ne6 51.Rf5 Kg7 52.Rxf6 Kxf6 53.Nf3 Nc5 54.e5+ Ke6 55.Kf4 f6 56.exf6 Kxf6 57.g4
Ne6+ 58.Kg3 Kg6 1/2-1/2

[Event "2. Bundesliga Mitte 2011/12"]
[Site "St.Valentin"]
[Date "2011.10.23"]
[Round "3"]
[Board "4"]
[White "Wittmann, Walter"]
[Black "Petschar, Kurt"]
[Result "1/2-1/2"]
[WhiteElo "2300"]
[BlackElo "2312"]
[PlyCount "28"]
[EventDate "2011.10.21"]
[EventType "team"]
[EventRounds "11"]
[EventCountry "AUT"]
[WhiteTeam "Union Styria Graz Kleine Zeitung"]
[BlackTeam "SC Die Klagenfurter"]

1.e4 e5 2.Nf3 Nc6 3.Bb5 Nf6 4.O-O Nxe4 5.d4 Nd6 6.dxe5 Nxb5 7.a4 d6 8.e6 Bxe6
9.axb5 Ne5 10.Nd4 Be7 11.Nf3 Bf8 12.Nd4 Be7 13.Nf3 Bf8 14.Nd4 Be7 1/2-1/2

[Event "2. Bundesliga Mitte 2011/12"]
[Site "St.Valentin"]
[Date "2011.10.23"]
[Round "3"]
[Board "5"]
[White "Titz, Heimo"]
[Black "Manhardt, Thomas"]
[Result "1-0"]
[WhiteElo "2202"]
[BlackElo "2148"]
[PlyCount "89"]
[EventDate "2011.10.21"]
[EventType "team"]
[EventRounds "11"]
[EventCountry "AUT"]
[WhiteTeam "SC Die Klagenfurter"]
[BlackTeam "Union Styria Graz Kleine Zeitung"]

1.Nf3 f5 2.d4 Nf6 3.g3 g6 4.Bg2 Bg7 5.O-O d6 6.c4 O-O 7.Nc3 Nc6 8.d5 Ne5 9.Nxe5
dxe5 10.c5 h6 11.Qb3 Kh8 12.Rd1 g5 13.Qc4 e4 14.f3 exf3 15.exf3 e5 16.dxe6 Qe7
17.c6 Bxe6 18.Re1 Rae8 19.Qa4 b6 20.Be3 a5 21.Rad1 Qf7 22.Bd4 f4 23.g4 h5 24.h3
hxg4 25.hxg4 Qg6 26.Bf1 Nxg4 27.Bxg7+ Qxg7 28.Rxe6 Rxe6 29.Bh3 Ne3 30.Bxe6 Nxd1
31.Qxd1 Qe5 32.Bd7 Rf6 33.Ne4 Rh6 34.Qd2 Kg8 35.Qc3 Qe7 36.Qc4+ Kf8 37.Qd5 Qh7
38.Bh3 Rxh3 39.Qd8+ Kg7 40.Qxc7+ Kg6 41.Qd6+ Kg7 42.Qe7+ Kh8 43.Qf8+ Qg8
44.Qxg8+ Kxg8 45.c7 1-0

[Event "2. Bundesliga Mitte 2011/12"]
[Site "St.Valentin"]
[Date "2011.10.23"]
[Round "3"]
[Board "6"]
[White "Stagl, Marco"]
[Black "Singer, Hans"]
[Result "1-0"]
[WhiteElo "2124"]
[BlackElo "2260"]
[PlyCount "61"]
[EventDate "2011.10.21"]
[EventType "team"]
[EventRounds "11"]
[EventCountry "AUT"]
[WhiteTeam "Union Styria Graz Kleine Zeitung"]
[BlackTeam "SC Die Klagenfurter"]

1.d4 d5 2.Nf3 Nf6 3.c4 c6 4.e3 e6 5.b3 Nbd7 6.Bb2 Bd6 7.Nbd2 Qe7 8.Ne5 O-O 9.Bd3
c5 10.cxd5 cxd4 11.Nxd7 Bxd7 12.Bxd4 exd5 13.O-O Rac8 14.Bxa7 Be5 15.Bd4 Bxd4
16.exd4 Qb4 17.Nf3 Bg4 18.Re1 Bxf3 19.Qxf3 Qxd4 20.Rad1 Rfe8 21.Rxe8+ Rxe8
22.Bb5 Qe5 23.Bxe8 Qxe8 24.g3 Qc6 25.Qf4 g6 26.Rc1 Qe6 27.Qb8+ Kg7 28.Qxb7 Ng4
29.Qa7 Qe4 30.f3 Qxf3 31.Rf1 1-0

[Event "2. Bundesliga Mitte 2011/12"]
[Site "St.Valentin"]
[Date "2011.10.23"]
[Round "3"]
[Board "1"]
[White "Flumbort, Andras"]
[Black "Karner, Christoph"]
[Result "1-0"]
[WhiteElo "2539"]
[BlackElo "2381"]
[PlyCount "63"]
[EventDate "2011.10.21"]
[EventType "team"]
[EventRounds "11"]
[EventCountry "AUT"]
[WhiteTeam "ASK St. Valentin"]
[BlackTeam "ESV Austria Graz"]

1.d4 Nf6 2.c4 g6 3.Nf3 Bg7 4.g3 O-O 5.Bg2 d6 6.Nc3 Nbd7 7.O-O e5 8.e4 a6 9.h3 b5
10.dxe5 dxe5 11.Qe2 c6 12.cxb5 axb5 13.b4 c5 14.Rb1 cxb4 15.Rxb4 Qa5 16.Qb2 Ba6
17.Bd2 Nc5 18.Nxe5 Rfe8 19.Nc6 Qb6 20.e5 Nd3 21.Qb1 Nxb4 22.Nxb4 Nd7 23.Bxa8
Rxa8 24.Ncd5 Qd4 25.Bc3 Qc4 26.Rd1 Bb7 27.Ne7+ Kf8 28.Rxd7 Be4 29.Qd1 Ke8 30.Rd4
Qxc3 31.Rxe4 Rd8 32.Ned5 1-0

[Event "2. Bundesliga Mitte 2011/12"]
[Site "St.Valentin"]
[Date "2011.10.23"]
[Round "3"]
[Board "2"]
[White "Kotz, Heinz Peter"]
[Black "Gonda, Laszlo"]
[Result "1/2-1/2"]
[WhiteElo "2349"]
[BlackElo "2520"]
[PlyCount "64"]
[EventDate "2011.10.21"]
[EventType "team"]
[EventRounds "11"]
[EventCountry "AUT"]
[WhiteTeam "ESV Austria Graz"]
[BlackTeam "ASK St. Valentin"]

1.e4 e6 2.d4 d5 3.Nc3 Bb4 4.exd5 exd5 5.Qf3 Qe7+ 6.Nge2 Nc6 7.Qd3 Nf6 8.f3 Nd7
9.a3 Nb6 10.Kf2 Bxc3 11.Qxc3 O-O 12.h4 Bd7 13.Bf4 Rfe8 14.g4 Rac8 15.Rd1 Na4
16.Qb3 Nd8 17.Ng3 c5 18.Bb5 Nb6 19.Rhe1 Ne6 20.Nf5 Qd8 21.Bxd7 Qxd7 22.Be5 f6
23.Bg3 Nxd4 24.Nxd4 cxd4 25.Rxe8+ Rxe8 26.Rxd4 Qe6 27.Kg2 Nc4 28.Bf2 Qe2 29.Qd3
Ne3+ 30.Kg3 Nf1+ 31.Kg2 Ne3+ 32.Kg3 Nf1+ 1/2-1/2

[Event "2. Bundesliga Mitte 2011/12"]
[Site "St.Valentin"]
[Date "2011.10.23"]
[Round "3"]
[Board "3"]
[White "Sandhoefner, Florian"]
[Black "Aschenbrenner, Robert"]
[Result "1/2-1/2"]
[WhiteElo "2201"]
[BlackElo "2270"]
[PlyCount "112"]
[EventDate "2011.10.21"]
[EventType "team"]
[EventRounds "11"]
[EventCountry "AUT"]
[WhiteTeam "ASK St. Valentin"]
[BlackTeam "ESV Austria Graz"]

1.e4 c6 2.d4 d5 3.exd5 cxd5 4.Bd3 Nc6 5.c3 Qc7 6.h3 g6 7.Nf3 Bg7 8.O-O Nf6 9.Re1
O-O 10.Qc2 Ne8 11.Qb3 e6 12.Nbd2 Bd7 13.Nf1 Rd8 14.Bg5 f6 15.Bh4 Bc8 16.Re2 Nd6
17.Bg3 Qd7 18.Rae1 Rfe8 19.Qd1 Kh8 20.a3 a6 21.Qc2 b5 22.N1d2 Nf7 23.a4 b4 24.c4
dxc4 25.Bxc4 Nxd4 26.Nxd4 Qxd4 27.Bxe6 Bxe6 28.Rxe6 Rxe6 29.Rxe6 Qxd2 30.Qxd2
Rxd2 31.Re8+ Bf8 32.Rxf8+ Kg7 33.Ra8 Rxb2 34.Rxa6 Ra2 35.a5 b3 36.Rb6 b2 37.Kh2
g5 38.a6 Rxa6 39.Rxb2 h5 40.h4 g4 41.Bf4 Nd8 42.g3 Nc6 43.Rb1 Nd4 44.Be3 Nf3+
45.Kg2 Kg6 46.Rd1 Kf5 47.Kf1 Ke4 48.Ke2 Ra2+ 49.Kf1 f5 50.Kg2 Rb2 51.Kf1 Ra2
52.Kg2 Ra3 53.Kf1 Rd3 54.Ra1 Rb3 55.Rd1 Rb2 56.Kg2 Ra2 1/2-1/2

[Event "2. Bundesliga Mitte 2011/12"]
[Site "St.Valentin"]
[Date "2011.10.23"]
[Round "3"]
[Board "6"]
[White "Schrittwieser, Herbert"]
[Black "Heimberger, Reinhard"]
[Result "1/2-1/2"]
[WhiteElo "2206"]
[BlackElo "2313"]
[PlyCount "92"]
[EventDate "2011.10.21"]
[EventType "team"]
[EventRounds "11"]
[EventCountry "AUT"]
[WhiteTeam "ESV Austria Graz"]
[BlackTeam "ASK St. Valentin"]

1.c4 c5 2.Nf3 d6 3.d4 cxd4 4.Nxd4 Nf6 5.Nc3 e6 6.e4 Be7 7.Be2 O-O 8.O-O a6 9.Be3
Nc6 10.Qd2 Bd7 11.Rfd1 Rc8 12.Rac1 Nxd4 13.Qxd4 e5 14.Qd2 Ng4 15.Bxg4 Bxg4 16.f3
Be6 17.b3 Qd7 18.Nd5 Bxd5 19.Qxd5 Qc6 20.Qxc6 Rxc6 21.Kf2 f5 22.exf5 Rxf5 23.Ke2
Bg5 24.Rc2 Bxe3 25.Kxe3 Kf7 26.Rcd2 Ke6 27.Rd5 Rf7 28.h4 g6 29.R1d3 Rf4 30.g3
Rf7 31.a4 Rd7 32.Ke4 b6 33.f4 exf4 34.Kxf4 Kf6 35.h5 Rf7 36.Kg4 Rd7 37.hxg6 hxg6
38.Rf3+ Kg7 39.Kg5 Rf7 40.Rxf7+ Kxf7 41.Kh6 Rc5 42.Kg5 Kg7 43.Kf4 Rxd5 44.cxd5
Kf6 45.g4 g5+ 46.Ke4 Kg6 1/2-1/2

[Event "2. Bundesliga Mitte 2011/12"]
[Site "St.Valentin"]
[Date "2011.10.23"]
[Round "3"]
[Board "1"]
[White "Gergacz, Attila"]
[Black "Schenk, Andreas"]
[Result "1/2-1/2"]
[WhiteElo "2426"]
[BlackElo "2499"]
[PlyCount "50"]
[EventDate "2011.10.21"]
[EventType "team"]
[EventRounds "11"]
[EventCountry "AUT"]
[WhiteTeam "SV Steyregg"]
[BlackTeam "SK Sparkasse Fuerstenfeld"]

1.e4 e6 2.d4 d5 3.exd5 exd5 4.Nf3 Nc6 5.Bd3 Bd6 6.Bg5 Nge7 7.Bh4 Bg4 8.c3 Qd7
9.Nbd2 Bf5 10.Bxf5 Nxf5 11.Qe2+ Nce7 12.Bxe7 Qxe7 13.Qxe7+ Kxe7 14.Ke2 f6 15.Kd3
Kd7 16.Rae1 Rae8 17.h3 Bf4 18.Rxe8 Rxe8 19.Re1 Rxe1 20.Nxe1 Bxd2 21.Kxd2 Nd6
22.Nd3 c6 23.Ke2 Ke7 24.Kd2 Kd7 25.Ke2 Ke7 1/2-1/2

[Event "2. Bundesliga Mitte 2011/12"]
[Site "St.Valentin"]
[Date "2011.10.23"]
[Round "3"]
[Board "2"]
[White "Kuba, Guenter"]
[Black "Nemeth, Miklos"]
[Result "1/2-1/2"]
[WhiteElo "2384"]
[BlackElo "2438"]
[PlyCount "51"]
[EventDate "2011.10.21"]
[EventType "team"]
[EventRounds "11"]
[EventCountry "AUT"]
[WhiteTeam "SK Sparkasse Fuerstenfeld"]
[BlackTeam "SV Steyregg"]

1.e4 e5 2.Nf3 Nc6 3.Bc4 Bc5 4.c3 Nf6 5.d3 d6 6.Bb3 O-O 7.h3 d5 8.Nbd2 h6 9.O-O
Re8 10.Re1 dxe4 11.Nxe4 Nxe4 12.dxe4 Qf6 13.Be3 Bxe3 14.Rxe3 Be6 15.Rd3 Rad8
16.Bxe6 Qxe6 17.Rxd8 Rxd8 18.Qb3 Qxb3 19.axb3 Kf8 20.Kf1 Ke7 21.Ke2 a6 22.b4 Ke6
23.Ke3 Rd7 24.Ke2 Rd8 25.Ke3 Rd7 26.Ke2 1/2-1/2

[Event "2. Bundesliga Mitte 2011/12"]
[Site "St.Valentin"]
[Date "2011.10.23"]
[Round "3"]
[Board "3"]
[White "Webersberger, Johann"]
[Black "Radnetter, Georg"]
[Result "1/2-1/2"]
[WhiteElo "2380"]
[BlackElo "2269"]
[PlyCount "41"]
[EventDate "2011.10.21"]
[EventType "team"]
[EventRounds "11"]
[EventCountry "AUT"]
[WhiteTeam "SV Steyregg"]
[BlackTeam "SK Sparkasse Fuerstenfeld"]

1.d3 d5 2.Nf3 Nf6 3.Nbd2 e6 4.g3 c5 5.Bg2 Nc6 6.O-O Be7 7.c3 O-O 8.a3 b5 9.b4
Bb7 10.a4 cxb4 11.axb5 bxc3 12.bxc6 cxd2 13.cxb7 dxc1=Q 14.bxa8=Q Qxd1 15.Qxd8
Qxf1+ 16.Bxf1 Rxd8 17.Rxa7 Bc5 18.Rc7 Bd6 19.Ra7 Bc5 20.Rc7 Bd6 21.Ra7 1/2-1/2

[Event "2. Bundesliga Mitte 2011/12"]
[Site "St.Valentin"]
[Date "2011.10.23"]
[Round "3"]
[Board "4"]
[White "Rabel, Christoph"]
[Black "Wiesinger, Robert"]
[Result "0-1"]
[WhiteElo "2245"]
[BlackElo "2277"]
[PlyCount "38"]
[EventDate "2011.10.21"]
[EventType "team"]
[EventRounds "11"]
[EventCountry "AUT"]
[WhiteTeam "SK Sparkasse Fuerstenfeld"]
[BlackTeam "SV Steyregg"]

1.Nc3 d5 2.e4 dxe4 3.Nxe4 Bf5 4.Qf3 Bg6 5.Bc4 e6 6.Ng3 Nc6 7.Bb5 Nge7 8.d3 a6
9.Ba4 b5 10.Bb3 a5 11.c3 Ne5 12.Qe3 Nxd3+ 13.Ke2 Nd5 14.Bxd5 Qxd5 15.Qf3 Bc5
16.Nh3 O-O 17.Qxd5 exd5 18.b3 Rfe8+ 19.Be3 Nxf2 0-1

[Event "2. Bundesliga Mitte 2011/12"]
[Site "St.Valentin"]
[Date "2011.10.23"]
[Round "3"]
[Board "6"]
[White "Hatzl, Johannes"]
[Black "Kubinger, Thomas"]
[Result "1/2-1/2"]
[WhiteElo "2103"]
[BlackElo "2170"]
[PlyCount "60"]
[EventDate "2011.10.21"]
[EventType "team"]
[EventRounds "11"]
[EventCountry "AUT"]
[WhiteTeam "SK Sparkasse Fuerstenfeld"]
[BlackTeam "SV Steyregg"]

1.e4 e6 2.d4 d5 3.Nc3 dxe4 4.Nxe4 Bd7 5.Nf3 Bc6 6.Bd3 Nd7 7.O-O Ngf6 8.Nxf6+
Qxf6 9.Be2 h6 10.c3 Bd6 11.Be3 O-O 12.Nd2 Qh4 13.f4 Nf6 14.g3 Qh3 15.Bf3 Ng4
16.Qe2 Bxf3 17.Nxf3 b6 18.Ne5 Nxe3 19.Qxe3 c5 20.Kh1 cxd4 21.Qxd4 Bxe5 22.Qxe5
Rad8 23.Qe2 Rd5 24.Rad1 Rfd8 25.Rxd5 Rxd5 26.Rd1 Qf5 27.Kg1 h5 28.a3 g6 29.Kf2
Kh7 30.Rxd5 Qxd5 1/2-1/2

[Event "2. Bundesliga Mitte 2011/12"]
[Site "Maria Saal"]
[Date "2011.12.02"]
[Round "4"]
[Board "2"]
[White "Hoelzl, Franz"]
[Black "Kozul, Zdenko"]
[Result "1/2-1/2"]
[WhiteElo "2336"]
[BlackElo "2541"]
[PlyCount "99"]
[EventDate "2011.10.21"]
[EventType "team"]
[EventRounds "11"]
[EventCountry "AUT"]
[WhiteTeam "SV ASVOE Fundermax St. Veit/Glan"]
[BlackTeam "ZH-Technologies-Wolfsberg"]

1. d4 {[%emt 0:00:00]} Nf6 {[%emt 0:00:00]} 2. Nf3 g6 3. c4 Bg7 4. g3 d5 5.
cxd5 Nxd5 6. Bg2 Nf6 7. O-O Nc6 8. Nc3 O-O 9. Bf4 Be6 10. Rc1 Nd5 11. Qd2 Nxf4
12. Qxf4 Nxd4 13. Nxd4 Qxd4 14. Qxc7 Qb6 {[%emt 0:00:00]} 15. Qxb6 axb6 16.
Bxb7 Ra7 17. Bd5 Bxd5 18. Nxd5 Rxa2 19. Nxe7+ Kh8 20. Rc2 Rxb2 21. Rxb2 Bxb2
22. Rb1 Bd4 23. e3 Bc5 24. Nc6 Kg7 25. Kf1 Kf6 26. Ke2 Ra8 27. Rb2 Ke6 28. Rd2
Rc8 29. Na7 Ra8 30. Nc6 h5 31. h3 Ra1 32. Nd8+ Ke7 33. Nc6+ Kf6 34. Kf3 Rc1 35.
h4 Rc4 36. Rd7 Rc2 37. Nd4 Rb2 38. Rc7 Bxd4 39. exd4 Ke6 40. Ke4 f6 41. f3 Rb4
42. Rc8 f5+ 43. Ke3 b5 44. Rc6+ Kf7 45. Rb6 Rb3+ 46. Kf4 Rd3 47. Rxb5 Rxd4+ 48.
Kg5 Rd3 49. Rb7+ Ke8 50. Kf4 1/2-1/2

[Event "2. Bundesliga Mitte 2011/12"]
[Site "Maria Saal"]
[Date "2011.12.02"]
[Round "4"]
[Board "3"]
[White "Steflitsch, Erich"]
[Black "Mazi, Leon"]
[Result "1-0"]
[WhiteElo "2369"]
[BlackElo "2352"]
[PlyCount "81"]
[EventDate "2011.10.21"]
[EventType "team"]
[EventRounds "11"]
[EventCountry "AUT"]
[WhiteTeam "ZH-Technologies-Wolfsberg"]
[BlackTeam "SV ASVOE Fundermax St. Veit/Glan"]

1. d4 {[%emt 0:00:00]} Nf6 {[%emt 0:00:00]} 2. c4 d6 3. Nc3 e5 4. Nf3 Nbd7 5.
Bg5 Be7 6. e3 O-O 7. Qc2 c6 8. Bd3 h6 9. Bh4 Re8 10. O-O-O e4 11. Bxe4 Nxe4 12.
Qxe4 Nf6 13. Qd3 Qa5 14. Nd2 a6 15. Nb3 Qb4 16. Bxf6 Bxf6 17. c5 dxc5 18. Nxc5
Be7 19. a3 Qa5 20. Qc4 b5 21. Qb3 Bxc5 22. dxc5 Be6 23. Qb4 Qc7 24. Qf4 Qa7 25.
Qd4 a5 26. Ne4 b4 27. Nd6 Reb8 28. a4 b3 29. Qe5 Rb4 30. Rd4 Bd5 31. Kb1 Qxc5
32. Rc1 Qb6 33. Nf5 f6 34. Qg3 Ra7 35. Nxh6+ Kh7 36. Nf5 Rxd4 37. Nxd4 Be4+ 38.
Ka1 Bg6 39. Qh3+ Kg8 40. Qc8+ Kh7 41. Rxc6 1-0

[Event "2. Bundesliga Mitte 2011/12"]
[Site "Maria Saal"]
[Date "2011.12.02"]
[Round "4"]
[Board "4"]
[White "Kaspret, Guido"]
[Black "Waldmann, Gerald"]
[Result "1-0"]
[WhiteElo "2292"]
[BlackElo "2208"]
[PlyCount "105"]
[EventDate "2011.10.21"]
[EventType "team"]
[EventRounds "11"]
[EventCountry "AUT"]
[WhiteTeam "SV ASVOE Fundermax St. Veit/Glan"]
[BlackTeam "ZH-Technologies-Wolfsberg"]

1. c4 {[%emt 0:00:00]} e5 2. Nc3 Nf6 3. g3 d5 4. cxd5 Nxd5 5. Bg2 Nb6 6. Nf3
Nc6 7. O-O Be7 8. d3 O-O 9. Be3 Be6 10. Ne4 Nd5 11. Bc5 h6 12. Rc1 Bd6 13. Nxd6
cxd6 14. Ba3 Qd7 15. e4 Nde7 16. d4 exd4 17. Nxd4 Bxa2 18. Nxc6 Nxc6 19. b3 Qe6
20. Rc3 a5 21. f4 Rfd8 22. Rf2 Nb4 23. f5 Qe5 24. Rc4 b5 25. Rc1 d5 26. Bb2 d4
27. Rd2 Rac8 28. Rxd4 Qe7 29. Rxc8 Rxc8 30. f6 Qc5 31. Kh1 g5 32. Qh5 Qf8 33.
h4 Rc5 34. Rxb4 gxh4 35. Qxh4 axb4 36. Bd4 Rg5 37. Be3 Rg6 38. e5 Bb1 39. Kh2
Kh7 40. Qd4 Bf5 41. Bd5 Qe8 42. Qa7 Kg8 43. Qc7 Qd7 44. Qc5 Be6 45. Be4 Bf5 46.
Qe7 Qxe7 47. fxe7 Bd7 48. Bxg6 fxg6 49. e6 Bc6 50. Bxh6 g5 51. Bxg5 Kg7 52. g4
Kg6 53. Bh4 1-0

[Event "2. Bundesliga Mitte 2011/12"]
[Site "Maria Saal"]
[Date "2011.12.02"]
[Round "4"]
[Board "5"]
[White "Wegerer, Fred"]
[Black "Ceschia, Ivano"]
[Result "0-1"]
[WhiteElo "2159"]
[BlackElo "2316"]
[PlyCount "82"]
[EventDate "2011.10.21"]
[EventType "team"]
[EventRounds "11"]
[EventCountry "AUT"]
[WhiteTeam "ZH-Technologies-Wolfsberg"]
[BlackTeam "SV ASVOE Fundermax St. Veit/Glan"]

1. d4 {[%emt 0:00:00]} Nf6 2. Nf3 g6 3. Bf4 Bg7 4. Nc3 d5 5. e3 O-O 6. h3 c5 7.
Be2 Nc6 8. O-O Ne4 9. dxc5 e5 10. Bh2 Nxc3 11. bxc3 Qa5 12. Qxd5 Be6 13. Qe4
Qxc5 14. Rab1 Qxc3 15. Rxb7 Rab8 16. Ba6 Nb4 17. Qxb4 Qxb4 18. Rxb4 Rxb4 19.
Nxe5 Ra4 20. Bd3 Rxa2 21. Rb1 a5 22. Kf1 a4 23. Ke2 a3 24. Rb4 Ra8 25. Be4 Rb2
26. Rd4 Rc8 27. Ra4 a2 28. Bd3 Bb3 29. Ra7 Bxc2 30. Bxc2 Rbxc2+ 31. Kd3 R2c5
32. Ke4 Re8 33. f4 f6 34. Kd4 Rc1 35. Rxa2 fxe5+ 36. fxe5 Rd8+ 37. Ke4 Rc4+ 38.
Kf3 Rf8+ 39. Ke2 Rc5 40. e6 Re8 41. Ra6 Be5 0-1

[Event "2. Bundesliga Mitte 2011/12"]
[Site "Maria Saal"]
[Date "2011.12.02"]
[Round "4"]
[Board "6"]
[White "Salihovic, Amar"]
[Black "Toefferl, Heimo"]
[Result "1/2-1/2"]
[WhiteElo "2195"]
[BlackElo "2102"]
[PlyCount "117"]
[EventDate "2011.10.21"]
[EventType "team"]
[EventRounds "11"]
[EventCountry "AUT"]
[WhiteTeam "SV ASVOE Fundermax St. Veit/Glan"]
[BlackTeam "ZH-Technologies-Wolfsberg"]

1. e4 {[%emt 0:00:00]} e6 2. d4 d5 3. exd5 exd5 4. Bd3 c5 5. dxc5 Bxc5 6. Nf3
Nf6 7. O-O O-O 8. Nbd2 Nc6 9. h3 Qc7 10. Nb3 Bb6 11. Re1 Bxh3 12. Be3 Bxe3 13.
Rxe3 Bg4 14. Qd2 Rae8 15. Rae1 Bxf3 16. Rxf3 Rxe1+ 17. Qxe1 Re8 18. Qd2 Ne5 19.
Rg3 Nxd3 20. cxd3 Re5 21. Nd4 Qe7 22. Nf3 Re2 23. Qc3 g6 24. Rg5 h6 25. Rg3 Re6
26. Rh3 h5 27. Qc8+ Kg7 28. Qc3 Rc6 29. Qd4 Qc5 30. Rh4 Qxd4 31. Nxd4 Rc1+ 32.
Kh2 Ng4+ 33. Kg3 Rd1 34. f3 Rxd3 35. Nb3 Nf6 36. Ra4 a6 37. Rb4 Ne4+ 38. Kf4
Nd6 39. Nc5 Rd2 40. g3 b5 41. Nxa6 Nc4 42. g4 hxg4 43. fxg4 Rf2+ 44. Kg3 Rxb2
45. Rxb2 Nxb2 46. Nc7 d4 47. Kf3 Kf6 48. Nxb5 Ke5 49. Na7 Kd5 50. Nc8 Kc4 51.
Nd6+ Kc3 52. Nxf7 d3 53. Nd6 Kc2 54. Ne4 g5 55. Ke3 Nc4+ 56. Kd4 Na3 57. Ke3
Nc4+ 58. Kd4 Na3 59. Ke3 1/2-1/2

[Event "2. Bundesliga Mitte 2011/12"]
[Site "Maria Saal"]
[Date "2011.12.02"]
[Round "4"]
[Board "1"]
[White "Kreisl, Robert"]
[Black "Pilaj, Herwig"]
[Result "1/2-1/2"]
[WhiteElo "2402"]
[BlackElo "2362"]
[PlyCount "60"]
[EventDate "2011.10.21"]
[EventType "team"]
[EventRounds "11"]
[EventCountry "AUT"]
[WhiteTeam "SK MPOE Maria Saal"]
[BlackTeam "SC Die Klagenfurter"]

1. d4 {[%emt 0:00:00]} d5 {[%emt 0:00:00]} 2. Nf3 Nf6 3. c4 c6 4. e3 g6 5. Nc3
Bg7 6. Be2 O-O 7. O-O dxc4 8. Bxc4 Bg4 9. h3 Bxf3 10. Qxf3 Nbd7 11. Rd1 e5 12.
d5 e4 13. Nxe4 Nxe4 14. Qxe4 Nb6 15. Rb1 Re8 16. Qc2 Nxc4 17. Qxc4 Re5 18. e4
Qe8 19. Be3 Rxe4 20. Qb3 cxd5 21. Rxd5 b6 22. Rbd1 h5 23. Rd7 Re7 24. Rxe7 Qxe7
25. Qd5 Rc8 26. Qd7 Qxd7 27. Rxd7 Rc2 28. Rxa7 Rxb2 29. a4 Rb1+ 30. Kh2 Be5+
1/2-1/2